| 000 | 01023nam a2200265Ia 4500 | ||
|---|---|---|---|
| 003 | OSt | ||
| 005 | 20220923211442.0 | ||
| 006 | a|||||r|||| 00| 0 | ||
| 007 | ta | ||
| 008 | 220922b |||||||| |||| 00| 0 ben d | ||
| 020 |
_a9789350009710 (hbk) _c295 |
||
| 024 | _a273,614 | ||
| 037 |
_b96, 05/09/2013, Vani Prakashan _cTextual |
||
| 040 |
_aARTS _cARTS _bben |
||
| 041 |
_2ben _aben |
||
| 082 | _aO157,3N26,DK, 152Q2 | ||
| 100 | _aमहाश्वेता देवी; गुप्ता, सुशील, अनु. | ||
| 245 | 0 | _aधान की बाली पर ओस | |
| 246 | _aDhān kī bālī par osa | ||
| 260 |
_aदिल्ली _b वाणी प्रकाशन _c2012 |
||
| 300 |
_a180पृ0 _ccm. |
||
| 650 |
_aबंगाली साहित्य _9156264 |
||
| 942 |
_hO157,3N26,DK, 152Q2 _cTEXL _2CC |
||
| 999 |
_c299679 _d299679 |
||